000 00213nam a2200097Ia 4500
008 220204s9999 xx 000 0 und d
082 _a82-3
_bKAS
100 _aKastle, Herbert
245 0 _aMovie maker
942 _cBK
999 _c32910
_d32910